| 000 | 00516nam a22001817a 4500 | ||
|---|---|---|---|
| 005 | 20251108165211.0 | ||
| 008 | 250721s1982 xx 000 0 ara d | ||
| 082 | 1 | 4 | _a956/محم |
| 100 | 1 | _aعمارة، محمد | |
| 245 | 1 | 0 | _aالعرب و التحدي / |
| 264 | 1 |
_aالقاهرة : _bدار الهلال، _c1982. |
|
| 300 | _a185ص | ||
| 490 | 0 | _aسلسلة كتاب الهلال | |
| 650 | 1 | 7 | _aتاريخ العرب |
| 650 | 1 | 7 | _aالحضارة الإسلامية |
| 942 |
_2ddc _cBK |
||
| 999 |
_c21972 _d21972 |
||